| 000 | 00547nam a2200217 a 4500 | ||
|---|---|---|---|
| 999 |
_c1823 _d1823 |
||
| 001 | 1823 | ||
| 003 | BD-JhCC | ||
| 005 | 20171024204030.0 | ||
| 008 | 171024s2005 ii a|||| |||| 00| 0 eng d | ||
| 035 | _a(BD-JhCC)1823 | ||
| 040 |
_aBD-JhCC _dBD-JhCC |
||
| 041 | _aeng | ||
| 082 |
_222 _a791.43 _bDUM 2005 |
||
| 100 | _aDumas, Alexandre | ||
| 245 |
_aThe three musketeers / _cAlexandre Dumas |
||
| 260 |
_aDelhi : _bDhingra art press, _c2005 |
||
| 300 |
_a228 p. : _bill. ; _c22cm. |
||
| 650 | _aSword play | ||
| 942 |
_2ddc _cBK |
||